|
|
|
|
| LEADER |
00660nta a2200193 i 4500 |
| 001 |
dokt8778 |
| 005 |
20240322090606.0 |
| 008 |
240322s1958 hu om 0|| hun d |
| 040 |
|
|
|a SZTE Doktori Repozitórium
|b hun
|
| 041 |
|
|
|a hun
|
| 100 |
1 |
|
|a Stachó Lajos
|
| 245 |
1 |
0 |
|a Egy Gallai Tibortól származó problémáról
|h [elektronikus dokumentum] /
|c Stachó Lajos
|
| 260 |
|
|
|c 1958
|
| 502 |
|
|
|a Disszertacio
|
| 650 |
|
4 |
|a matematika- és számítástudományok
|
| 650 |
|
4 |
|a Matematika
|
| 695 |
|
|
|a Gallai Tibor, Matematika
|
| 700 |
0 |
2 |
|a Fejes Tóth László
|e ths
|
| 856 |
4 |
0 |
|u https://doktori.bibl.u-szeged.hu/id/eprint/8778/1/1958_stacho_lajos.pdf
|z Dokumentum-elérés
|